00674nam a2200229 a 4500001001300000003000900013005001700022008004100039020001000080082001700090100001600107245005000123260003400173300000900207500003500216650002700251700001600278902000800294942000700302952011800309999001700427nice12345678IN_TiNIC20260116014551.0080208s2001 newa grp 000 0 eng  ac40000a659.132bJAC aJacob, Reny aDirectory of Church-Related Colleges in India aNew Delhi bMani Jacob c2001 a398p aincludes index and biblioraphy aDirectory-Christianity1 aJacob, Reny bSRS cBK 001040708StackRoom-aHMIbHMId2008-02-08g400.00l0o659.132 JACp020259r2008-02-08v400.00w2008-02-08yBK c15997d15997